000
00291nam a2200121Ia 4500
005
20260326235443.0
008
260326s9999||||xx |||||||||||||| ||und||
100
_a
Dunlop, Beth
245
0
_a
Places of worship /
_c
Beth Dunlop
260
_b
Phaidon
650
_a
ARQUITECTURA CIVIL
942
_c
BK
999
_c
7467
_d
7467